000 00450cam a2200181 4500
001 D13657
008 090401t1930 xxu||||| |||| 00| 0 eng d
035 _a(Sirsi) u11027
041 _aeng
050 _a692.5
100 _aPurdie, Hugh
245 2 _aA plea for a British Empire mode of measurement
260 _aGlasgow
_bThe Faculty of Surveyors in Scotland
_c1930
350 _a0
520 _aShelf 133
942 _n0
948 _c04/03/1997
999 _c86799
_d86799